000 00727nam a2200205Ia 4500
003 GCL
008 140319s9999 xx 000 0 ara d
020 _a5719215977
040 _aGCL /
_cGCL
082 0 4 _a928.1
_bا ا
100 1 _aاحمد درويش
_vDistributor
_@
…وزع
245 1 0 _aابن دريد رائد فن القصة العربية /
_cاحمد درويش
260 _aالقاهرة :
_bدار غريب للطباعة والنشر والتوزيع ،
_c2004
300 _a288 ص ؛
_c24 سم
650 0 4 _aالادب العربى
650 0 4 _aالقصة العربية - تاريخ ونقد
650 0 4 _aالادباء العرب - تراجم
650 0 4 _aابن دريد
942 _2ddc
_cBK
999 _c7893
_d7893